[Event "Villa Ballester op 73rd"]
[Site "Buenos Aires"]
[Date "2024.01.25"]
[Round "6"]
[White "Piceda, Bruno Ariel"]
[Black "Araoz, Claudio Alberto"]
[Result "1-0"]
[WhiteElo "1915"]
[BlackElo "1759"]
[PlyCount "83"]
[EventDate "2024.01.19"]
[EventType "swiss"]
[EventRounds "9"]
[EventCountry "ARG"]
[SourceTitle "CBM 218 Extra"]
[Source "ChessBase"]
[SourceDate "2024.03.31"]
[SourceVersion "1"]
[SourceVersionDate "2024.03.31"]
[SourceQuality "1"]

1. c4 Nf6 2. Nc3 g6 3. e4 d6 4. d4 Bg7 5. Nf3 0-0 6. Be2 e5 7. d5 a5 8. Bg5 Na6 9. Nd2 h6 10. Be3 Bd7 11. 0-0 Rb8 12. a3 Nh7 13. Rb1 f5 14. f3 f4 15. Bf2 Qg5 16. Kh1 c5 17. dxc6 bxc6 18. c5 Nxc5 19. Nc4 Nb7 20. Nxd6 Nxd6 21. Qxd6 Rbd8 22. Qc7 Qf6 23. Rfd1 Be6 24. Qxc6 Bb3 25. Bc4+ Bxc4 26. Qxc4+ Kh8 27. Qc7 Rxd1+ 28. Rxd1 Ra8 29. Rd7 Ng5 30. Rd6 Qf8 31. Rxg6 Kh7 32. Rc6 Qg8 33. Nd5 Kh8 34. Ne7 Qb3 35. Qd7 Qxb2 36. Rc8+ Bf8 37. Qd5 Qb3 38. Rxa8 Qxd5 39. Rxf8+ Kg7 40. exd5 Kxf8 41. Nc6 a4 42. Nxe5 1-0

[Event "Villa Ballester op 73rd"]
[Site "Buenos Aires"]
[Date "2024.01.21"]
[Round "4"]
[White "Piceda, Bruno Ariel"]
[Black "Curatolo, Nicolas Matias"]
[Result "1-0"]
[WhiteElo "1915"]
[BlackElo "1692"]
[PlyCount "117"]
[EventDate "2024.01.19"]
[EventType "swiss"]
[EventRounds "9"]
[EventCountry "ARG"]
[SourceTitle "CBM 218 Extra"]
[Source "ChessBase"]
[SourceDate "2024.03.31"]
[SourceVersion "1"]
[SourceVersionDate "2024.03.31"]
[SourceQuality "1"]

1. c4 e5 2. Nc3 Nf6 3. Nf3 Nc6 4. e3 Bb4 5. Qc2 Bxc3 6. Qxc3 Qe7 7. d4 Ne4 8. Qd3 Qb4+ 9. Bd2 Nxd2 10. Qxd2 Qxd2+ 11. Kxd2 d6 12. Kc3 a5 13. Be2 Bf5 14. b3 0-0 15. a3 exd4+ 16. exd4 Rfe8 17. Rhe1 Re7 18. Bd3 Bxd3 19. Rxe7 Nxe7 20. Kxd3 Re8 21. b4 c6 22. bxa5 Ra8 23. Rb1 Rxa5 24. Rxb7 Rxa3+ 25. Ke2 Ng6 26. Rb8+ Nf8 27. Rd8 d5 28. Ne5 Ra7 29. Nxc6 Rc7 30. cxd5 g6 31. Kd3 Kg7 32. Ne5 f6 33. Nc4 Kf7 34. d6 Ra7 35. d5 Nd7 36. Kd4 h5 37. h4 Rb7 38. f4 Ra7 39. g3 Rb7 40. Nd2 Rb4+ 41. Kc3 Rb7 42. Ne4 Nb6 43. Kd4 Na4 44. Rc8 Rb4+ 45. Rc4 Rxc4+ 46. Kxc4 Nb6+ 47. Kc5 Nd7+ 48. Kc6 Ke8 49. Nc5 Nxc5 50. Kxc5 Kd7 51. Kc4 Kxd6 52. Kd4 Kc7 53. Kc5 Kd7 54. d6 Kc8 55. Kc6 Kd8 56. d7 f5 57. Kd6 g5 58. hxg5 h4 59. g6 1-0

[Event "ARG-chT ART Semillero U21"]
[Site "Villa Martelli"]
[Date "2017.06.17"]
[Round "6"]
[White "Tomas Falcon, Jesus"]
[Black "Piceda, Bruno Ariel"]
[Result "1-0"]
[WhiteElo "2120"]
[BlackElo "1562"]
[PlyCount "63"]
[EventDate "2017.05.13"]
[EventType "team-swiss"]
[EventRounds "7"]
[EventCountry "ARG"]
[SourceTitle "EXT 2018"]
[Source "ChessBase"]
[SourceDate "2017.10.13"]
[SourceVersion "1"]
[SourceVersionDate "2017.10.13"]
[SourceQuality "1"]
[WhiteTeam "Republica Martelli U21"]
[BlackTeam "Ushuaia Jaque Mate U21"]
[WhiteTeamCountry "ARG"]
[BlackTeamCountry "ARG"]

1. d4 Nf6 2. c4 g6 3. Nf3 Bg7 4. g3 c6 5. Nc3 d5 6. cxd5 cxd5 7. Bg2 e6 8. 0-0 0-0 9. b3 Nc6 10. Bb2 a6 11. Rc1 Ne4 12. Nxe4 dxe4 13. Ne5 f5 14. Nxc6 bxc6 15. Rxc6 Qd7 16. Qc2 Bb7 17. Rc7 Rac8 18. Rc1 Qd5 19. e3 Rxc7 20. Qxc7 Rc8 21. Qb6 Rxc1+ 22. Bxc1 e5 23. Bf1 Qd7 24. Bc4+ Kh8 25. Be6 Qe7 26. d5 Bf6 27. Bb2 h5 28. b4 g5 29. Qc5 Qg7 30. Bxf5 Qf7 31. Be6 Qg7 32. d6 1-0

[Event "ARG-chT ART Semillero U21"]
[Site "Villa Martelli"]
[Date "2017.05.20"]
[Round "2"]
[White "Piceda, Bruno Ariel"]
[Black "Torres, Mauro"]
[Result "1/2-1/2"]
[WhiteElo "1562"]
[BlackElo "1454"]
[PlyCount "118"]
[EventDate "2017.05.13"]
[EventType "team-swiss"]
[EventRounds "7"]
[EventCountry "ARG"]
[SourceTitle "EXT 2018"]
[Source "ChessBase"]
[SourceDate "2017.10.13"]
[SourceVersion "1"]
[SourceVersionDate "2017.10.13"]
[SourceQuality "1"]
[WhiteTeam "Ushuaia Jaque Mate U21"]
[BlackTeam "San Isidro U21"]
[WhiteTeamCountry "ARG"]
[BlackTeamCountry "ARG"]

1. e4 c5 2. Nf3 d6 3. d4 cxd4 4. Nxd4 Nf6 5. Nc3 g6 6. Be3 Bg7 7. f3 Nc6 8. Qd2 0-0 9. Bc4 Bd7 10. 0-0-0 Rc8 11. Bb3 Re8 12. h4 h5 13. Kb1 a6 14. Nxc6 Rxc6 15. Nd5 Be6 16. Nxf6+ Bxf6 17. Bxe6 fxe6 18. g4 e5 19. gxh5 gxh5 20. Rdg1+ Kf7 21. Qg2 Rg8 22. Qh3 Qc8 23. Rxg8 Qxh3 24. Rxh3 Kxg8 25. Rg3+ Kf7 26. Bg5 Rc8 27. Bxf6 exf6 28. Kc1 b5 29. Kd2 a5 30. c3 b4 31. cxb4 axb4 32. Kd3 Rc1 33. Rh3 Ke6 34. Kd2 Rc7 35. Rg3 Kf7 36. Rg1 Rc8 37. a3 bxa3 38. bxa3 Ra8 39. Ra1 Ra4 40. Kc2 f5 41. exf5 Rxh4 42. a4 Rf4 43. a5 Rb4 44. a6 Rb8 45. a7 Ra8 46. Kd3 h4 47. Ke3 h3 48. Kf2 Kf6 49. Kg3 h2 50. Kxh2 Kxf5 51. Kg3 d5 52. Kf2 e4 53. fxe4+ dxe4 54. Ra6 Ke5 55. Ke3 Kd5 56. Ra4 Kc6 57. Kxe4 Kb7 58. Kd5 Rxa7 59. Rxa7+ Kxa7 1/2-1/2

[Event "ARG-chT ART Semillero U21"]
[Site "Villa Martelli"]
[Date "2017.05.13"]
[Round "1"]
[White "Coro, Lucas"]
[Black "Piceda, Bruno Ariel"]
[Result "1-0"]
[WhiteElo "2212"]
[BlackElo "1562"]
[PlyCount "79"]
[EventDate "2017.05.13"]
[EventType "team-swiss"]
[EventRounds "7"]
[EventCountry "ARG"]
[SourceTitle "EXT 2018"]
[Source "ChessBase"]
[SourceDate "2017.10.13"]
[SourceVersion "1"]
[SourceVersionDate "2017.10.13"]
[SourceQuality "1"]
[WhiteTeam "Club Argentino U21"]
[BlackTeam "Ushuaia Jaque Mate U21"]
[WhiteTeamCountry "ARG"]
[BlackTeamCountry "ARG"]

1. e4 e5 2. Nf3 Nf6 3. Nxe5 d6 4. Nf3 Nxe4 5. c4 Nc6 6. Nc3 Nxc3 7. dxc3 Be7 8. Be3 Bg4 9. Be2 Qd7 10. Qd2 h6 11. 0-0 0-0-0 12. Rad1 Kb8 13. b4 Bxf3 14. Bxf3 Ne5 15. Be2 g5 16. Bd4 f6 17. Qe3 Nc6 18. Rfe1 Nxd4 19. cxd4 f5 20. b5 Bf6 21. Bh5 g4 22. a4 Bg5 23. f4 Bf6 24. a5 d5 25. Qe6 Qxe6 26. Rxe6 Rhf8 27. c5 Rc8 28. Kf2 c6 29. b6 a6 30. Ke3 Rcd8 31. Kd3 Kc8 32. Rde1 Bg7 33. Re7 Rd7 34. g3 Rfd8 35. Bg6 Rf8 36. Re8+ Rd8 37. Rxf8 Rxf8 38. Re7 Bh8 39. Rh7 h5 40. Rxh5 1-0

[Event "ARG-ch sf U14"]
[Site "Villaguay"]
[Date "2016.02.25"]
[Round "4"]
[White "Piceda, Bruno Ariel"]
[Black "Tejada, Gonzalo"]
[Result "0-1"]
[WhiteElo "1565"]
[BlackElo "1333"]
[PlyCount "110"]
[EventDate "2016.02.23"]
[EventType "swiss"]
[EventRounds "8"]
[EventCountry "ARG"]
[SourceTitle "EXT 2017"]
[Source "ChessBase"]
[SourceDate "2016.10.25"]
[SourceVersion "1"]
[SourceVersionDate "2016.10.25"]
[SourceQuality "1"]

1. e4 c5 2. Nf3 d6 3. d4 cxd4 4. Qxd4 Nc6 5. Bb5 Bd7 6. Bxc6 bxc6 7. c4 Qb6 8. Nc3 Nf6 9. 0-0 g6 10. Rb1 Bg7 11. Be3 Qxd4 12. Nxd4 0-0 13. h3 e6 14. f4 Ne8 15. Nde2 f5 16. exf5 exf5 17. Rfd1 Rd8 18. Bxa7 c5 19. Bxc5 dxc5 20. Rd5 Nf6 21. Rxc5 Nh5 22. Rf1 Ng3 23. Rb1 Rfe8 24. Kf2 Ne4+ 25. Nxe4 Rxe4 26. Rd5 Rxc4 27. Rbd1 Rc7 28. Nd4 Bf6 29. Ne6 Bxe6 30. Rxd8+ Bxd8 31. Rxd8+ Kf7 32. Rd2 Bxa2 33. g4 Kf6 34. g5+ Ke6 35. Kg3 h5 36. h4 Rb7 37. Kf2 Rb4 38. Ke3 Re4+ 39. Kf3 Bc4 40. Rd8 Ke7 41. Rd2 Ke6 42. Rd8 Be2+ 43. Kg3 Bb5 44. Rd2 Re3+ 45. Kg2 Bc6+ 46. Kh2 Rf3 47. Re2+ Kd5 48. Rd2+ Ke4 49. Rd6 Bd5 50. Rxg6 Kxf4 51. Rd6 Rf2+ 52. Kg1 Rg2+ 53. Kf1 Be4 54. Rd1 Ke3 55. Re1+ Kf3 0-1